[Event "Women's Speed Chess Q6"]
[Site "chess.com INT"]
[Date "2021.06.05"]
[Round "7"]
[White "Balabayeva, Xeniya"]
[Black "Soumya, Swaminathan"]
[Result "1-0"]
[WhiteTitle "WFM"]
[BlackTitle "IM"]
[WhiteElo "2116"]
[BlackElo "2351"]
[WhiteFideId "13719688"]
[BlackFideId "5016193"]
[EventDate "2021.06.05"]

1. e4 c5 2. Nf3 Nc6 3. Bb5 g6 4. O-O Bg7 5. c3 Nf6 6. Re1 O-O 7. d4 d5 8. e5 Ne4
9. h3 cxd4 10. cxd4 Qb6 11. Bxc6 Qxc6 12. Be3 f6 13. exf6 exf6 14. Nbd2 Be6 15.
Nb3 b6 16. Bf4 Rac8 17. Rc1 Qd7 18. Nfd2 g5 19. Bh2 Bf5 20. Nxe4 dxe4 21. Qd2
Bg6 22. d5 Rfe8 23. d6 h6 24. Red1 f5 25. Rc7 Rxc7 26. dxc7 Qc6 27. Rc1 Qe6 28.
Qd8 f4 29. c8=Q 1-0

[Event "Women's Speed Chess Q6"]
[Site "chess.com INT"]
[Date "2021.06.05"]
[Round "7"]
[White "Petrova, Irina"]
[Black "Golubeva, Oksana"]
[Result "0-1"]
[WhiteTitle "WIM"]
[BlackTitle "WFM"]
[WhiteElo "2110"]
[BlackElo "2179"]
[WhiteFideId "14124122"]
[BlackFideId "4170164"]
[EventDate "2021.06.05"]

1. e4 e6 2. d4 d5 3. Nc3 Bb4 4. e5 c5 5. a3 Bxc3+ 6. bxc3 Ne7 7. Qg4 cxd4 8.
Qxg7 Rg8 9. Qxh7 dxc3 10. Qd3 d4 11. f4 Nbc6 12. Nf3 Qd5 13. Rg1 Bd7 14. g4
O-O-O 15. h3 f6 16. Bg2 fxe5 17. Nxe5 Nxe5 18. Bxd5 Nxd3+ 19. cxd3 Nxd5 20. Kf2
Rdf8 21. Kg3 Bb5 22. Rd1 Ba4 23. Rf1 Bc2 24. Rf3 Bd1 25. Rf2 b5 26. Rb1 a6 27.
Ra1 Kd7 28. f5 exf5 29. Bh6 f4+ 30. Kh2 Ne3 31. Bxf8 Rxf8 32. g5 c2 33. g6 f3
34. Kg3 Rg8 35. Kf4 Rxg6 36. Ke5 Rd6 37. h4 Ke7 38. h5 Rd5+ 39. Ke4 Ke6 40. h6
Ng4 41. Rxf3 Bxf3+ 42. Kxf3 Nxh6 43. Rc1 Rc5 44. Ke4 Nf5 45. a4 b4 0-1

[Event "Women's Speed Chess Q6"]
[Site "chess.com INT"]
[Date "2021.06.05"]
[Round "7"]
[White "Steil-Antoni, Fiona"]
[Black "Nurmanova, Alua"]
[Result "0-1"]
[WhiteTitle "WIM"]
[BlackTitle "WFM"]
[WhiteElo "2129"]
[BlackElo "2093"]
[WhiteFideId "4001249"]
[BlackFideId "13729390"]
[EventDate "2021.06.05"]

1. e4 c5 2. Nc3 d6 3. f4 Nf6 4. Nf3 e6 5. Bc4 Nc6 6. a3 Be7 7. d3 O-O 8. O-O a6
9. Ba2 b5 10. h3 Bb7 11. g4 Nd7 12. f5 exf5 13. gxf5 Nd4 14. Nxd4 cxd4 15. Nd5
Nf6 16. Nxe7+ Qxe7 17. Bg5 Qe5 18. Bf4 Qc5 19. Kh2 Rac8 20. Rc1 b4 21. a4 Kh8
22. Rg1 Bc6 23. Bb3 Ba8 24. Qf3 Rcd8 25. Qg3 Ne8 26. f6 g6 27. Bg5 Qe5 28. Bf4
Qxf6 29. Rcf1 Qe7 30. Bg5 f6 31. Bf4 Ng7 32. Qh4 Nh5 33. Bc1 d5 34. exd5 Bxd5
35. Re1 Qc7+ 0-1

[Event "Women's Speed Chess Q6"]
[Site "chess.com INT"]
[Date "2021.06.05"]
[Round "7"]
[White "Arabidze, Meri"]
[Black "Socko, Monika"]
[Result "0-1"]
[WhiteTitle "IM"]
[BlackTitle "GM"]
[WhiteElo "2432"]
[BlackElo "2393"]
[WhiteFideId "13604040"]
[BlackFideId "1106619"]
[EventDate "2021.06.05"]

1. Nf3 Nf6 2. g3 g6 3. Bg2 Bg7 4. O-O O-O 5. d4 d6 6. a4 a5 7. Nc3 Nc6 8. Re1 e5
9. dxe5 dxe5 10. Bg5 Qxd1 11. Rexd1 Bf5 12. Ne1 Nd4 13. e3 Nxc2 14. Nxc2 Bxc2
15. Rd2 Bf5 16. Bxb7 Rab8 17. Bg2 h6 18. Bxf6 Bxf6 19. Rc1 Rfd8 20. Nd5 Kg7 21.
e4 Bg5 22. f4 exf4 23. h4 f3 24. hxg5 Bxe4 25. gxh6+ Kxh6 26. Bxf3 Bxf3 27. Rh2+
Kg7 28. Nxc7 Rb4 29. Rc3 Bg4 30. b3 Rd1+ 31. Kf2 Rbd4 32. Ke3 Bf5 33. Rf2 Re4+
34. Kf3 Rde1 35. Kg2 Rd4 36. Nb5 Be4+ 37. Kh3 Rh1+ 0-1

[Event "Women's Speed Chess Q6"]
[Site "chess.com INT"]
[Date "2021.06.05"]
[Round "7"]
[White "Shuvalova, Polina"]
[Black "Dordzhieva, Dinara"]
[Result "0-1"]
[WhiteTitle "IM"]
[BlackTitle "WGM"]
[WhiteElo "2489"]
[BlackElo "2311"]
[WhiteFideId "24171760"]
[BlackFideId "24157570"]
[EventDate "2021.06.05"]

1. e4 c5 2. h4 d5 3. exd5 Qxd5 4. Nc3 Qd8 5. h5 h6 6. Bb5+ Bd7 7. Bc4 Nf6 8. Nf3
Nc6 9. d3 Bg4 10. Be3 e6 11. Qd2 Bxf3 12. gxf3 a6 13. O-O-O Nd4 14. f4 Be7 15.
Ne4 b5 16. Bb3 Rc8 17. c3 Nf5 18. Bc2 Qc7 19. Kb1 b4 20. Ba4+ Kf8 21. cxb4 cxb4
22. Rc1 Qb7 23. Rxc8+ Qxc8 24. Nxf6 gxf6 25. Rc1 Qb8 26. Qc2 Kg7 27. d4 Rd8 28.
Bc6 Nxd4 29. Rg1+ Kh8 30. Bxd4 Rxd4 31. Be4 f5 32. Bd3 Bf6 33. Bxa6 Rxf4 34. Qd3
Rxf2 35. Qc4 Rxb2+ 36. Kc1 Rf2 37. Rd1 Qe5 38. Qc8+ Kh7 39. Rd2 Qa1+ 40. Kc2
Qb2+ 41. Kd3 Qxd2+ 0-1

[Event "Women's Speed Chess Q6"]
[Site "chess.com INT"]
[Date "2021.06.05"]
[Round "7"]
[White "Morris-Suzuki, Sophie"]
[Black "Mendoza, Shania Mae"]
[Result "0-1"]
[WhiteTitle "WFM"]
[BlackTitle "WFM"]
[WhiteElo "2043"]
[BlackElo "2158"]
[WhiteFideId "30922615"]
[BlackFideId "5211158"]
[EventDate "2021.06.05"]

1. e4 e5 2. Nf3 Nc6 3. Bc4 Nf6 4. d4 exd4 5. e5 d5 6. Bb5 Ne4 7. Nxd4 Bc5 8. Be3
O-O 9. Bxc6 bxc6 10. O-O Qe8 11. f4 f6 12. exf6 Nxf6 13. Re1 Qg6 14. f5 Qf7 15.
Ne6 Bd6 16. Bd4 Re8 17. Qe2 Bxe6 18. fxe6 Qg6 19. Nd2 Re7 20. Rf1 Ng4 21. h3 Nh6
22. Rae1 Rae8 23. Qf3 Rxe6 24. Rxe6 Rxe6 25. Nb3 Re8 26. c3 Rf8 27. Qe2 Nf5 28.
Bc5 h5 29. Rf3 h4 30. Qd3 Rf6 31. Bxd6 cxd6 32. c4 dxc4 33. Qxc4+ d5 34. Qd3 Qg5
35. Rf1 Ng3 36. Re1 Ne4 37. Rf1 Rxf1+ 38. Qxf1 Qe3+ 39. Kh2 Qg3+ 40. Kg1 Qe3+
41. Kh2 Ng3 42. Qf3 Qe1 0-1

[Event "Women's Speed Chess Q6"]
[Site "chess.com INT"]
[Date "2021.06.05"]
[Round "7"]
[White "Sukandar, Irine Kharisma"]
[Black "Agrest, Inna"]
[Result "0-1"]
[WhiteTitle "IM"]
[BlackTitle "WIM"]
[WhiteElo "2413"]
[BlackElo "2285"]
[WhiteFideId "7101937"]
[BlackFideId "1708830"]
[EventDate "2021.06.05"]

1. d4 Nf6 2. Bf4 g6 3. Nd2 d5 4. e3 Bg7 5. c4 O-O 6. Ngf3 c5 7. dxc5 Nc6 8. Rc1
Nh5 9. Bg5 Bxb2 10. Rc2 Bg7 11. Be2 Bf5 12. Rc1 Bb2 13. Kf1 Bxc1 14. Qxc1 dxc4
15. Qxc4 Ng7 16. Bh6 Rc8 17. h4 Qd7 18. h5 Rfd8 19. e4 Be6 20. Qc3 f6 21. hxg6
hxg6 22. Qe3 Ne8 23. Nh4 Bf7 24. Qg3 Ne5 25. Bf4 Ng7 26. Nb3 Bxb3 27. axb3 Rxc5
28. f3 Rc2 29. Nxg6 Rxe2 30. Nxe7+ Qxe7 31. Kxe2 Qb4 32. Rc1 Qb5+ 33. Ke1 Nd3+
34. Kd2 Nxc1+ 0-1

[Event "Women's Speed Chess Q6"]
[Site "chess.com INT"]
[Date "2021.06.05"]
[Round "7"]
[White "Nguyen, Thi Mai Hung"]
[Black "Kanyamarala, Trisha"]
[Result "1-0"]
[WhiteTitle "WGM"]
[BlackTitle "WIM"]
[WhiteElo "2254"]
[BlackElo "2180"]
[WhiteFideId "12401676"]
[BlackFideId "45004722"]
[EventDate "2021.06.05"]

1. d4 Nf6 2. Nf3 d5 3. g3 e6 4. Bg2 c5 5. O-O Nc6 6. c4 cxd4 7. Nxd4 e5 8. Nxc6
bxc6 9. cxd5 cxd5 10. Nc3 e4 11. Bg5 Be6 12. Bxf6 gxf6 13. Qa4+ Qd7 14. Qxd7+
Kxd7 15. Rfd1 f5 16. Nxd5 Bxd5 17. Rxd5+ Ke6 18. Rad1 Bg7 19. b3 Be5 20. Ra5
Rhc8 21. Bh3 Rc2 22. Kf1 a6 23. Rdd5 f6 24. Rdc5 Rd2 25. Rc6+ Kd7 26. Rcxa6 Rd8
27. Bxf5+ Kc7 28. Bxe4 Bd4 29. Bd3 Bb6 30. Ra4 Kb7 31. Be4+ Kc7 32. Ra8 R8d6 33.
Bf3 Rd1+ 34. Kg2 R1d2 35. Rc4+ Kd7 36. a4 Rb2 37. a5 Bd8 38. Ra7+ 1-0

[Event "Women's Speed Chess Q6"]
[Site "chess.com INT"]
[Date "2021.06.05"]
[Round "7"]
[White "Singgih, Diajeng Theresa"]
[Black "Golubenko, Valentina"]
[Result "1-0"]
[WhiteTitle "WFM"]
[BlackTitle "WGM"]
[WhiteElo "1972"]
[BlackElo "2209"]
[WhiteFideId "7104391"]
[BlackFideId "4501993"]
[EventDate "2021.06.05"]

1. e4 e6 2. d4 d5 3. exd5 exd5 4. Nf3 Nf6 5. Bd3 Be7 6. O-O O-O 7. Bf4 h6 8. c3
c5 9. Nbd2 Nc6 10. Bg3 a6 11. Re1 cxd4 12. cxd4 Qb6 13. Nb3 Bb4 14. Re2 Bg4 15.
Rc2 Bxf3 16. Qxf3 Nxd4 17. Nxd4 Qxd4 18. a3 Bc5 19. Qf5 Rfe8 20. Rac1 Bf8 21.
Rc3 Re6 22. h3 Rae8 23. Kh2 Ne4 24. Bxe4 dxe4 25. Rc4 Qxb2 26. Rc7 Rf6 27. Qd7
Re7 28. Qd8 Rxc7 29. Rxc7 e3 30. Rc8 Qxa3 31. fxe3 Rc6 32. Rb8 b5 33. Qe8 Re6
34. Qd7 Qxe3 35. Bd6 Kh7 36. Rxf8 Qd4 37. Rd8 b4 38. Qxf7 Rxd6 39. Qf5+ g6 40.
Qf7+ Qg7 41. Qxg7+ Kxg7 42. Rxd6 a5 43. Rb6 Kf7 44. Rb5 Ke6 45. Rxa5 Kd6 46. Rb5 1-0

[Event "Women's Speed Chess Q6"]
[Site "chess.com INT"]
[Date "2021.06.05"]
[Round "7"]
[White "Klinova, Masha"]
[Black "Starosta, Martyna"]
[Result "0-1"]
[WhiteTitle "IM"]
[BlackTitle "WCM"]
[WhiteElo "2275"]
[BlackElo "1910"]
[WhiteFideId "2802015"]
[BlackFideId "21818754"]
[EventDate "2021.06.05"]

1. e4 c5 2. Nf3 d6 3. Bb5+ Bd7 4. Bxd7+ Qxd7 5. c4 Nc6 6. Nc3 Nf6 7. d4 cxd4 8.
Nxd4 e6 9. O-O Be7 10. Be3 O-O 11. Rc1 Rac8 12. b3 Rfd8 13. h3 d5 14. cxd5 exd5
15. exd5 Nxd5 16. Nxd5 Qxd5 17. Nxc6 bxc6 18. Qxd5 Rxd5 19. Bxa7 Ra5 20. Bd4
Rxa2 21. Rfe1 Bb4 22. Re4 Bd6 23. Rd1 Rd8 24. g3 Bc5 25. Rde1 Bf8 26. Re8 Raa8
27. Rxd8 Rxd8 28. Be3 Rb8 29. Rb1 c5 30. Kf1 c4 31. Ke2 cxb3 32. Kd3 g6 33. Kc4
b2 34. Bd4 Bg7 35. Bxg7 Kxg7 36. Kc3 Kf6 37. Rxb2 Rxb2 38. Kxb2 Ke5 39. Kc2 Ke4
40. Kd2 Kf3 41. Ke1 g5 42. Kf1 f5 43. Kg1 h5 44. Kf1 f4 45. gxf4 gxf4 46. Kg1
Ke2 47. Kg2 h4 48. Kg1 f3 49. Kh2 Kxf2 50. Kh1 Kg3 51. Kg1 Kxh3 52. Kf2 Kg4 53.
Kf1 Kg3 54. Kg1 h3 55. Kh1 Kf2 56. Kh2 Ke2 57. Kxh3 f2 0-1

[Event "Women's Speed Chess Q6"]
[Site "chess.com INT"]
[Date "2021.06.05"]
[Round "7"]
[White "Ziegenfuss, Antonia"]
[Black "Grineva, Marianna"]
[Result "1-0"]
[WhiteTitle "WFM"]
[BlackTitle "WFM"]
[WhiteElo "2157"]
[BlackElo "2029"]
[WhiteFideId "12962554"]
[BlackFideId "14102013"]
[EventDate "2021.06.05"]

1. d4 d6 2. c4 f5 3. Nc3 Nf6 4. g3 g6 5. Bg2 Bg7 6. Nh3 O-O 7. Bg5 c6 8. Qd2 e5
9. d5 c5 10. O-O Rf7 11. e4 Nbd7 12. f4 Nf8 13. Rae1 h6 14. Bh4 exf4 15. gxf4
Qa5 16. e5 dxe5 17. fxe5 Ng4 18. e6 Bd4+ 19. Kh1 Rg7 20. e7 Bd7 21. exf8=Q+ Rxf8
22. Nf2 Ne5 23. Nce4 Qb6 24. Nf6+ Rxf6 25. Bxf6 Qxf6 26. b3 Qh4 27. Nh3 Kh7 28.
Qf4 Qf6 29. Nf2 a5 30. Ne4 Qb6 31. Nd2 Nd3 32. Qg3 Nxe1 33. Rxe1 a4 34. d6 axb3
35. axb3 Qb4 36. Bd5 Bc3 37. Nf3 Bxe1 38. Qxe1 Qxe1+ 39. Nxe1 g5 40. Nf3 Kg6 41.
Ne5+ Kf6 42. Nd3 Bc6 43. Nxc5 Bxd5+ 44. cxd5 Rg8 45. Kg2 Ke5 46. d7 Kxd5 47.
Nxb7 Kc6 48. d8=Q Rxd8 49. Nxd8+ Kb5 50. Nf7 Kb4 51. Nxh6 Kxb3 52. Nxf5 Kc4 53.
Kg3 Kd5 54. Kg4 Ke5 55. Kxg5 Ke6 56. Kg6 Ke5 57. h4 Kf4 58. h5 Kg4 59. h6 Kf4
60. h7 1-0

[Event "Women's Speed Chess Q6"]
[Site "chess.com INT"]
[Date "2021.06.05"]
[Round "7"]
[White "Avramidou, Anastasia"]
[Black "Tania, Sachdev"]
[Result "0-1"]
[WhiteTitle "FM"]
[BlackTitle "IM"]
[WhiteElo "2238"]
[BlackElo "2392"]
[WhiteFideId "4239873"]
[BlackFideId "5007844"]
[EventDate "2021.06.05"]

1. d4 Nf6 2. c4 e6 3. Nc3 d5 4. cxd5 exd5 5. Bg5 Be7 6. e3 c6 7. Bd3 Nbd7 8. Qc2
h6 9. Bh4 O-O 10. Nf3 Re8 11. O-O-O Ne4 12. Bxe7 Qxe7 13. Bxe4 dxe4 14. Nd2 Nf6
15. h3 b5 16. g4 Ba6 17. Rdg1 c5 18. g5 hxg5 19. Rxg5 cxd4 20. exd4 b4 21. Na4
Bd3 22. Qb3 Rac8+ 23. Nc5 Nh7 24. Rd5 Qf6 25. f3 Be2 26. Nxe4 Qxf3 27. Qxf3 Bxf3
28. Re1 Bxe4 29. Rd7 Bf5 30. Rxe8+ Rxe8 31. Rxa7 Ng5 32. a3 Nxh3 33. axb4 g5 34.
b5 g4 35. Ra3 Rb8 36. Rb3 Nf4 37. Na6 Rb7 38. Kd2 Ne6 39. Nc5 Nxd4 40. Rb4 Rc7
41. b6 Rxc5 42. b7 Nc6 43. b8=Q+ Nxb8 44. Rxb8+ Kg7 45. Ke3 Rc2 46. Kf4 Be6 47.
b4 Rc4+ 48. Kg3 Rc3+ 49. Kg2 g3 50. b5 Bd5+ 0-1

[Event "Women's Speed Chess Q6"]
[Site "chess.com INT"]
[Date "2021.06.05"]
[Round "7"]
[White "Nguyen, Hong Anh"]
[Black "Batsiashvili, Nino"]
[Result "0-1"]
[WhiteTitle "WIM"]
[BlackTitle "GM"]
[WhiteElo "1993"]
[BlackElo "2491"]
[WhiteFideId "12406732"]
[BlackFideId "13602993"]
[EventDate "2021.06.05"]

1. d4 f5 2. g3 Nf6 3. Bg2 g6 4. c3 Bg7 5. Nh3 O-O 6. Qb3+ d5 7. Nf4 c6 8. Nd2 e6
9. O-O Qe7 10. Nf3 Nbd7 11. Nd3 Ne4 12. Bf4 g5 13. Bc1 c5 14. dxc5 Ndxc5 15. Qa3
h6 16. Be3 b6 17. Rac1 Bb7 18. b4 Nd7 19. c4 a5 20. cxd5 Bxd5 21. Rc7 Rfc8 22.
Rxc8+ Rxc8 23. Bd4 Nc3 24. Bxc3 Rxc3 25. Qa4 Rc4 26. Nd2 Rd4 27. Bxd5 Rxd5 28.
Rc1 Ne5 29. Nxe5 Rxe5 30. e3 Rd5 31. Nf3 axb4 32. Qa8+ Kh7 33. Qc6 Rc5 34. Rxc5
bxc5 35. Qb5 Qd6 36. h4 g4 37. Ne1 Qd5 38. Kf1 Qd6 39. Ng2 Qd1+ 40. Ne1 Bc3 41.
Qe2 Qxe1+ 42. Qxe1 Bxe1 43. Kxe1 c4 44. Kd2 Kg6 45. Kc2 Kf6 46. Kb2 Ke5 47. Kc1
Ke4 48. Kc2 Kf3 49. a4 bxa3 0-1

[Event "Women's Speed Chess Q6"]
[Site "chess.com INT"]
[Date "2021.06.05"]
[Round "7"]
[White "Sikorova, Olga"]
[Black "Pandey, Srishti"]
[Result "0-1"]
[WhiteTitle "WGM"]
[BlackTitle "WFM"]
[WhiteElo "2215"]
[BlackElo "2026"]
[WhiteFideId "307033"]
[BlackFideId "35093290"]
[EventDate "2021.06.05"]

1. c4 e6 2. g3 d5 3. Bg2 Nf6 4. Nf3 Be7 5. O-O O-O 6. b3 c5 7. Bb2 d4 8. e3 Nc6
9. exd4 cxd4 10. Re1 Re8 11. Ne5 Nxe5 12. Rxe5 Bd6 13. Re1 e5 14. d3 Rb8 15. Na3
a6 16. Nc2 Bg4 17. Bf3 Bf5 18. a3 b5 19. cxb5 axb5 20. Qd2 Qd7 21. Rad1 Be6 22.
Nb4 Bxb3 23. Rc1 Bxb4 24. Qxb4 Bd5 25. Bxd5 Nxd5 26. Qd2 f6 27. Rc5 Nb6 28. Rec1
Rec8 29. Qb4 Rxc5 30. Rxc5 Na4 31. Qb3+ Qf7 32. Qxf7+ Kxf7 33. Rc2 Rb7 34. Kf1
b4 35. axb4 Rxb4 36. Bc1 Rb7 37. Bd2 Ke6 38. Ke2 Kd5 39. f4 Nc5 40. fxe5 fxe5
41. Ra2 e4 42. dxe4+ Kxe4 43. Bc1 Rf7 44. Ra8 d3+ 45. Ke1 Re7 46. Kd1 Kd4 47.
Ba3 Rf7 48. Rd8+ Kc3 49. Ke1 Ne4 50. Rc8+ Kd4 51. Rd8+ Ke3 52. Bc1+ d2+ 53.
Bxd2+ Nxd2 54. Rxd2 Ra7 55. Re2+ Kf3 56. Ra2 Rxa2 0-1

[Event "Women's Speed Chess Q6"]
[Site "chess.com INT"]
[Date "2021.06.05"]
[Round "7"]
[White "Nemcova, Katerina"]
[Black "Priyanka, K"]
[Result "1-0"]
[WhiteTitle "WGM"]
[BlackTitle "WIM"]
[WhiteElo "2331"]
[BlackElo "2218"]
[WhiteFideId "322750"]
[BlackFideId "5082986"]
[EventDate "2021.06.05"]

1. e4 c5 2. Nf3 d6 3. d4 cxd4 4. Qxd4 a6 5. c4 Nc6 6. Qd3 Nf6 7. Nc3 g6 8. Be2
Bg7 9. O-O O-O 10. h3 Be6 11. Rb1 Rc8 12. b3 Nd7 13. Bb2 h6 14. Rfd1 Nc5 15. Qe3
Qc7 16. Rbc1 Nd7 17. Nd5 Qd8 18. Bxg7 Kxg7 19. Nd4 Bxd5 20. exd5 Nxd4 21. Qxd4+
Kg8 22. Bd3 Ne5 23. Re1 Re8 24. Re3 Nxd3 25. Qxd3 b5 26. Rce1 bxc4 27. bxc4 Qc7
28. Re4 Rb8 29. h4 h5 30. Re6 Kh7 31. R6e4 Rb2 32. g4 Qd7 33. gxh5 Qf5 34. Qg3
gxh5 35. Rf4 Qg6 36. Rfe4 Qxg3+ 37. fxg3 Rg8 38. Rxe7 Rxg3+ 39. Kf1 Rf3+ 40. Kg1
Rg3+ 41. Kf1 Rh3 42. Rxf7+ Kg6 43. Rf2 Rh1+ 44. Kg2 Rxf2+ 45. Kxf2 Rh2+ 46. Kg3
Rxa2 47. Re6+ Kf5 48. Rxd6 Ra3+ 49. Kf2 Rc3 50. Rc6 Rc2+ 51. Ke3 Kg4 52. d6 Kxh4
53. Rc5 1-0

[Event "Women's Speed Chess Q6"]
[Site "chess.com INT"]
[Date "2021.06.05"]
[Round "7"]
[White "Novikova, Anna"]
[Black "Koridze, Lile"]
[Result "1-0"]
[WhiteTitle "WIM"]
[BlackTitle "WFM"]
[WhiteElo "2247"]
[BlackElo "2016"]
[WhiteFideId "4146794"]
[BlackFideId "13612514"]
[EventDate "2021.06.05"]

1. e4 c5 2. Nf3 d6 3. d4 cxd4 4. Nxd4 Nf6 5. Nc3 Nc6 6. Nxc6 bxc6 7. Bd3 e5 8.
O-O Be7 9. Kh1 O-O 10. f4 exf4 11. Bxf4 Be6 12. Qe2 Qb6 13. b3 Ng4 14. h3 Ne5
15. Rad1 Rad8 16. Qe1 Bf6 17. Ne2 d5 18. Qg3 Ng6 19. Bc7 Qb7 20. Bxd8 Rxd8 21.
exd5 cxd5 22. Nf4 Qc7 23. Qf2 Nxf4 24. Qxf4 Be5 25. Qh4 h6 26. Qf2 Bg3 27. Qf3
Be5 28. Bf5 Bf6 29. Qg4 Rd6 30. Rde1 Qd7 31. Bxe6 Rxe6 32. Rxe6 Qxe6 33. Qd1 Qe5
34. Re1 Qc7 35. Re8+ Kh7 36. Re2 d4 37. Qd3+ g6 38. Qe4 Kg7 39. Qd5 Qg3 40. Qf3
Qc7 41. Qd3 Qf4 42. Re1 Qc7 43. Rf1 Qe5 44. Qf3 Qd6 45. Kg1 Qb6 46. Kh1 Qd6 47.
a4 Qb6 48. Qd3 Qd6 49. Rd1 Qf4 50. Kg1 Qd6 51. c3 Qf4 52. cxd4 Be7 53. Qf3 Qd6
54. Kh1 Bf6 55. Qe4 Qd7 56. d5 Qd6 57. Rf1 Bd8 58. Qf4 Qd7 59. Qe5+ Kg8 60. d6
f6 61. Qd5+ Kg7 62. Re1 1-0

[Event "Women's Speed Chess Q6"]
[Site "chess.com INT"]
[Date "2021.06.05"]
[Round "7"]
[White "Grigoryan, Meri"]
[Black "Kabanova, Ekaterina"]
[Result "1/2-1/2"]
[WhiteTitle "WFM"]
[BlackTitle "WFM"]
[WhiteElo "2044"]
[BlackElo "2138"]
[WhiteFideId "13300571"]
[BlackFideId "24112917"]
[EventDate "2021.06.05"]

1. e4 c5 2. Nc3 e6 3. f4 Qc7 4. d3 a6 5. a4 b5 6. axb5 a5 7. Nf3 Bb7 8. Be2 Nf6
9. O-O d5 10. exd5 exd5 11. Ne5 d4 12. Na4 Bd6 13. Bf3 Nd5 14. Nc4 O-O 15. Be4
f5 16. Nxd6 Qxd6 17. Bf3 Nd7 18. c4 dxc3 19. bxc3 Rab8 20. c4 Nb4 21. Bxb7 Rxb7
22. Rf3 Qd4+ 23. Be3 Qd6 24. d4 cxd4 25. Qxd4 Qe7 26. Rd1 Re8 27. Nc5 Nxc5 28.
Qxc5 Qe4 29. Bf2 Qc2 30. Qd6 Rbe7 31. c5 Re6 32. Qd7 R6e7 33. Qd2 Qc4 34. Re1
Qxb5 35. c6 Qxc6 36. Rxe7 Rxe7 37. h3 Rd7 38. Qe3 Rd1+ 39. Kh2 Qd7 40. Qb3+ Kh8
41. Re3 h6 42. Qe6 Qxe6 43. Rxe6 Nd3 44. Bd4 Nxf4 45. Re8+ Kh7 46. Be5 Re1 47.
Re7 Nh5 48. g4 fxg4 49. hxg4 Re2+ 50. Kh3 Nf4+ 51. Kg3 Nd3 52. Rxg7+ Kh8 53.
Ra7+ Nxe5 54. Rxa5 Nf7 55. Ra8+ Kg7 56. Ra7 Rb2 57. Kh4 Rb4 58. Kh5 Rb5+ 59. Kh4
Kg6 60. Ra6+ Kg7 61. Ra7 Rb6 62. Rd7 Kg6 63. Re7 Ng5 64. Rc7 Nh7 65. Kg3 Nf6 66.
Re7 Rb3+ 67. Kf2 Nxg4+ 68. Kg2 Kg5 69. Rb7 h5 70. Rxb3 Kh4 71. Rh3+ Kg5 72. Kg3
Ne5 73. Rxh5+ Kxh5 1/2-1/2

[Event "Women's Speed Chess Q6"]
[Site "chess.com INT"]
[Date "2021.06.05"]
[Round "7"]
[White "Obregon Garcia, Roxangel"]
[Black "Arpita, Mukherjee"]
[Result "1-0"]
[WhiteTitle "WIM"]
[BlackTitle "WIM"]
[WhiteElo "2167"]
[BlackElo "2206"]
[WhiteFideId "3520420"]
[BlackFideId "5056403"]
[EventDate "2021.06.05"]

1. e4 c5 2. Nf3 d6 3. d4 cxd4 4. Qxd4 Nc6 5. Qe3 Nf6 6. h3 h6 7. Be2 e6 8. O-O
Be7 9. Rd1 Qc7 10. c4 O-O 11. Nc3 a6 12. b3 b6 13. Bb2 Bb7 14. Rac1 Rac8 15. Nd5
exd5 16. cxd5 Qb8 17. dxc6 Rxc6 18. Rxc6 Bxc6 19. e5 dxe5 20. Nxe5 Ba8 21. Bxa6
Bc5 22. Qf4 Ne4 23. Bd4 Qd6 24. Bc4 Bxd4 25. Bxf7+ Kh8 26. Rxd4 Qxd4 27. Ng6+
Kh7 28. Nxf8+ Kh8 29. Ne6 Qd1+ 30. Kh2 Qd6 31. Qxd6 Nxd6 32. Bg6 Nb5 33. f3 Nc3
34. a3 Bd5 35. Nd4 Nd1 36. a4 Nc3 37. Bc2 Kg8 38. Kg3 Kf8 39. Kf2 Ke7 40. Ke3
Kd6 41. Kd3 Na2 42. Nf5+ Ke5 43. Nxg7 Nb4+ 44. Kc3 Nc6 45. Nh5 Bf7 46. f4+ Kd5
47. Ng3 Nd4 48. Be4+ Kc5 49. f5 Nxb3 50. f6 Na5 51. Nf5 1-0

[Event "Women's Speed Chess Q6"]
[Site "chess.com INT"]
[Date "2021.06.05"]
[Round "7"]
[White "Matveeva, Olga"]
[Black "Gevorgyan, Maria"]
[Result "1-0"]
[WhiteTitle "WIM"]
[BlackTitle "WGM"]
[WhiteElo "2145"]
[BlackElo "2219"]
[WhiteFideId "24107018"]
[BlackFideId "13300270"]
[EventDate "2021.06.05"]

1. d4 Nf6 2. c4 c5 3. d5 e6 4. Nc3 exd5 5. cxd5 d6 6. e4 g6 7. h3 Bg7 8. Nf3 O-O
9. Bd3 a6 10. a4 Nbd7 11. O-O Nh5 12. Bg5 f6 13. Be3 f5 14. exf5 gxf5 15. Ng5
Qe8 16. Ne6 Rf6 17. Nc7 Qf7 18. Nxa8 f4 19. Bd2 f3 20. Ne4 fxg2 21. Nxf6+ Ndxf6
22. Re1 Bxh3 23. Qf3 Qd7 24. Nb6 Qg4 25. Qxg4 Nxg4 26. Bf5 Nhf6 27. Bc3 h5 28.
Nd7 Nxd5 29. Be6+ Kh8 30. Bxd5 Bxc3 31. bxc3 Kg7 32. Re7+ Kg6 33. Be4+ Kg5 34.
Re1 Nh6 35. Bxb7 Nf5 36. Rf7 Nh4 37. Kh2 Bg4 38. Bxg2 Bf5 39. Nb6 Bg6 40. Rf8
Nf5 41. Nd5 Nh6 42. Re6 Ng4+ 43. Kg1 Bc2 44. Rxd6 Bxa4 45. Rxa6 Bb3 46. Rc6 Bc4
47. Rxc5 Bd3 48. Ne3+ Kg6 49. Rc6+ Kg7 50. Rd8 Ne5 51. Rc7+ Kf6 52. Rd6+ Kg5 53.
Rd5 Kf4 54. Rcc5 Nf3+ 55. Bxf3 Kxf3 56. Rxh5 Bg6 57. Rh3+ Ke2 58. c4 Be4 59. Re5
Bd3 60. c5 Bb5 61. Ng4+ Kd1 62. Nf6 Kc2 63. Nd5 Kd2 64. Ree3 Bc6 65. Nb4 1-0

[Event "Women's Speed Chess Q6"]
[Site "chess.com INT"]
[Date "2021.06.05"]
[Round "7"]
[White "Dong, Khanh Linh"]
[Black "Zaksaite, Salomeja"]
[Result "1-0"]
[WhiteTitle "WCM"]
[BlackTitle "WIM"]
[WhiteElo "1970"]
[BlackElo "2202"]
[WhiteFideId "12403040"]
[BlackFideId "12801496"]
[EventDate "2021.06.05"]

1. e4 c5 2. Nf3 e6 3. d4 cxd4 4. Nxd4 Nf6 5. Nc3 Nc6 6. Be2 Bb4 7. f3 d5 8. Nxc6
bxc6 9. e5 d4 10. exf6 Qxf6 11. a3 dxc3 12. axb4 cxb2 13. Bxb2 Qxb2 14. Rb1 Qc3+
15. Kf2 O-O 16. Qd3 Qxd3 17. Bxd3 a5 18. Ra1 a4 19. Ra3 Ba6 20. Rxa4 Bxd3 21.
Rxa8 Rxa8 22. cxd3 Ra2+ 23. Kg3 Rc2 24. Ra1 g6 25. Ra8+ Kg7 26. Rc8 Rb2 27. Rxc6
Rxb4 28. Rd6 Kf6 29. Rd7 e5 30. h3 h5 31. Kf2 Rb2+ 32. Kg3 g5 33. d4 h4+ 34. Kh2
Ke6 35. Rd8 Rd2 36. Re8+ Kf6 37. dxe5+ Kg6 38. e6 fxe6 39. Rxe6+ Kf5 40. Ra6 Rb2
41. Ra5+ Kf4 42. Ra4+ Kf5 43. Rg4 Ra2 44. Kg1 Rb2 45. Kf1 Ra2 46. Re4 Rb2 47.
Re2 Rb1+ 48. Kf2 Rb3 49. Ra2 Rc3 50. Ra5+ Kf4 51. Ra4+ Kf5 52. Ra2 Rb3 53. g3
hxg3+ 54. Kxg3 Rc3 55. Ra5+ Kf6 56. Rb5 Kg6 57. Rb4 Ra3 58. Kg4 Ra6 59. h4 gxh4
60. Kxh4 Rc6 61. Kg4 Ra6 62. Rb8 Ra5 63. f4 Kf6 64. Rb6+ Kf7 65. f5 Rc5 66. Kg5
Kg7 67. Rb7+ 1-0